Statistics for Famous men by eyes and nose 1

Click here to take the quiz!

General Stats

  • This quiz has been taken 182 times
  • The average score is 10 of 16

Answer Stats

Answer% Correct
Donald Trump
99%
Michael Jackson
94%
Nelson Mandela
82%
Prince Charles
82%
Sylvester Stallone
81%
Adolf Hitler
78%
John Lennon
76%
Stevie Wonder
64%
Lionel Messi
62%
Clint Eastwood
61%
Pope Francis
54%
Usain Bolt
50%
Sean Connery
45%
Fidel Castro
40%
Lewis Hamilton
25%
Jon Bon Jovi
16%

Score Distribution

Percentile by Number Answered

Percent of People with Each Score

Your Score History

You have not taken this quiz